000 00816nac a22002657a 4500
001 BR7512013
003 BR-BrBNA
005 20240105113900.0
008 230509b bl.|||m| |||| 00| 0 por d
040 _aBR-BrBNA
_bpor
_cBiblioteca Nacional de Agricultura
072 _aF00
090 _a0716 BR7512013
110 1 _aInstituto de Pesquisa Agropecuaria do Sul, Pelotas, RS (Brasil)
_96097
245 1 _aPacotes tecnologicos para o pessego [Brasil]
260 3 _aPelotas, RS (Brasil):
_c1974.
300 _a51 p.
490 _aCircular - Instituto de Pesquisa Agropecuaria do Sul (Brazil)
_vno. 67
_x
500 _a11 tables
650 _aPESSEGO
650 _aPRATICA CULTURAL
650 _aVARIEDADE
650 _aADUBACAO
909 _a202312
_bLúcia Elande
_c55
_dLúcia Elande
942 _2AGRIS
_n0
_cMS
999 _c266129
_d266129